LIBRARY & INFORMATION CENTRE, KCAET, TAVANUR

ONLINE PUBLIC ACCESS CATALOGUE (OPAC)

better citizenship (Record no. 12379)

MARC details
000 -LEADER
fixed length control field 00362cam a2200169ua 4500
041 ## - LANGUAGE CODE
Language code of text/sound track or separate title eng
082 ## - DEWEY DECIMAL CLASSIFICATION NUMBER
Classification number 323.6
Item number MIN
245 ## - TITLE STATEMENT
Title better citizenship
260 ## - PUBLICATION, DISTRIBUTION, ETC. (IMPRINT)
Place of publication :
Name of publisher ministry of information ,
Year of publication 1961.
300 ## - PHYSICAL DESCRIPTION
Number of Pages 40 ; .
942 ## - ADDED ENTRY ELEMENTS (KOHA)
Koha item type Books
Holdings
Withdrawn status Lost status Damaged status Home library Current library Date acquired Full call number Accession Number Koha item type
Withdrawn     KAUAET Malayalam University 07/04/2012 323.6 2636 Books
Withdrawn     KAUAET Malayalam University 07/04/2012 323.6 2634 Books
Withdrawn     KAUAET Malayalam University 07/04/2012 323.6 2728 Books
Withdrawn     KAUAET Sanskrit University 07/04/2012 323.6 2635 Books
free website counter